| 000 | 00554cam a22001691 4500 | ||
|---|---|---|---|
| 082 |
_a684.08 _bHJO _cL-32, P-63 |
||
| 100 | 1 |
_aHjorth, Herman, _945010 |
|
| 245 | 1 | 0 |
_aBasic woodworking processes, _cby Herman Hjorth ... |
| 260 |
_aNew York, Milwaukee [etc.] _bThe Bruce publishing company _c[c1935] |
||
| 300 |
_axii, 250 p. _billus., diagrs. _c23 cm. |
||
| 500 | _a"Revised." | ||
| 526 |
_a0 _b0 _c0 _d684_080000000000000_HJO |
||
| 650 | 0 |
_aCarpentry _xTools. _945011 |
|
| 650 | 0 |
_aMCE _9379 |
|
| 650 | 0 |
_aWoodwork (Manual training) _945012 |
|
| 942 |
_2ddc _cBK |
||
| 999 |
_c548624 _d548624 |
||